La escritura de la historia en la era global

Sparad:
Bibliografiska uppgifter
Huvudupphovsman: Hunt, Lynn (autora)
Övriga upphovsmän: Erustes, Bibiana (traducción)
Materialtyp: Okänd
Publicerad: Valencia, España: Universitat de València, 2022.
Serie:Història
Ämnen:
Taggar: Lägg till en tagg
Inga taggar, Lägg till första taggen!

MARC

LEADER 00000 a2200000 4500
003 CL-VaPUC
005 20230330100405.0
008 230313t2022 ||||| |||| 00| 0 eng d
999 |c 440121  |d 440119 
020 |a 978-84-1118-006-1 
040 |c Pontificia Universidad Católica de Valparaíso 
082 |2 22  |a 907.2 HUN 2022  
100 |a Hunt, Lynn  |9 860823  |e autora 
245 |a La escritura de la historia en la era global 
260 |a Valencia, España:  |b Universitat de València,  |c 2022. 
300 |a 151 páginas. 
490 |a Història  |n  200. 
583 |k GC  |c 20230313 
650 0 |9 880634  |a Escritura de la Historia   |v Teorías sociales y culturales  |x Globalización  
650 0 |9 257871  |a Historiografía   |v Aspectos teóricos   |x Globalización 
700 |a Erustes, Bibiana  |e traducción  |9 880552 
942 |2 ddc  |c BK 
952 |0 0  |1 0  |2 ddc  |4 0  |6 907_200000000000000_HUN_2022  |7 0  |8 A  |9 588983  |a BIBHIS  |b BIBHIS  |d 2023-03-13  |e 52  |g 18768.99  |i 5656626  |l 6  |m 2  |o 907.2 HUN 2022  |p 5656626  |r 2025-01-20  |s 2023-11-24  |t 1  |v 18768.99  |w 2023-03-13  |y BK  |k HIS